Nomenclátor de las ciudades, villas, lugares, aldeas y demás entidades de población de España formado por el Instituto Nacional de Estadística, con referencia al 31 de diciembre de 1950 : Provincia de Barcelona Provincia de Barcelona
Descripción Física:
70 p. ; 26'5 cm
Materias:
Topònims -- Barcelona (Província)
MARC
| LEADER | 00000nam a2200000Ia 4500 | ||
|---|---|---|---|
| 001 | 12218 | ||
| 003 | BGR | ||
| 005 | 20260324180116.0 | ||
| 008 | 160829s9999 xx 000 0 cat d | ||
| 080 | |a M-3-308 | ||
| 110 | 1 | |a Instituto Nacional de Estadística (Espanya) |9 59614 | |
| 245 | |a Nomenclátor de las ciudades, villas, lugares, aldeas y demás entidades de población de España formado por el Instituto Nacional de Estadística, con referencia al 31 de diciembre de 1950 : |b Provincia de Barcelona | ||
| 260 | |a Madrid : |b (Sucesores de Rivadeneyra), [s.a.] | ||
| 300 | |a 70 p. ; |c 26'5 cm | ||
| 590 | |a Prové de OP-49 | ||
| 650 | |a Topònims |x Barcelona (Província) |9 31833 | ||
| 901 | |a Arxiu | ||
| 942 | |n 1 |2 udc |c MON | ||
| 952 | |0 0 |1 0 |4 0 |6 M3308 |7 1 |9 53321 |a Arxiu |b Arxiu |d 2016-12-01 |l 0 |o M-3-308 |p 12218 |r 2016-12-01 00:00:00 |w 2016-12-01 |y ARXIU | ||
| 999 | |c 57185 |d 57185 | ||